00634cam a22002177a 4500003000500000005001700005008004100022010001000063011001000073035001000083040000900093082002100102110000800123245006700131260002300198300003100221490005100252650002900303650003300332830005100365CHAP20220817043120.0971013s1988 r 00010 eng d a66166 a67138 a76608 cCHAP a631.8bF54y v.11 aFAO10aEfficient fertilizer use in summer rainfed areasc/by Rajat De aRome :bFAO,c1988 a37 p. :bgráfs., cuadros 0aFAO. Fertilizantes y nutrición vegetalv; 1114aAgricultura de temporal.14aFertilizantesxAplicación.00aFAO. Fertilizantes y nutrición vegetalv; 11